000 00970nam a22002177a 4500
999 _c8201
_d8201
003 AR-CdUCM
008 190322b ||||| |||| 00| 0 spa d
040 _aMUNICIPALIDAD PROVINCIAL DEL CUSCO
_cBIBLIOTECA MUNICIPAL DEL CUSCO
082 _a328.365811 /
_bSA24
245 _aLey sobre conservación y aprovechamiento sostenible de la diversidad biológica /
260 _aLima :
_bEl editor,
_c1997.
300 _a101 páginas ;
_c20 cm.
500 _aOswaldo Sandoval Aguirre, presidente de la Comisión de Ambiente, Ecología y Amazonía.
505 _aContenido: Sesión de debate del proyecto de ley sobre conservación y aprovechamiento sostenible de la diversidad biológica en la comisión de ambiente, ecología y amazonia del día 278 de mayo de 1997.
650 _aDesarrollo sostenible
_94163
650 _aLegislación
_92962
650 _aAmazonía
_93433
700 _aSandoval Aguirre, Oswaldo (editor)
_923117
942 _2ddc
_cLIBROS
945 _aachl